[Event "FIDE Open World Blitz 2021"]
[Site "Warsaw"]
[Date "2021.12.30"]
[Round "15.37"]
[White "Jumabayev, Rinat"]
[Black "Hovhannisyan, Robert"]
[Result "0-1"]
[WhiteElo "2658"]
[BlackElo "2622"]
[Annotator "ChessBase"]
[PlyCount "116"]
[EventDate "2021.12.29"]
[EventType "swiss"]
[EventCountry "POL"]
[Tiebreak "Cut1 Buchholz"]
[SourceTitle "playchess.com"]
[Source "ChessBase"]
[SourceQuality "1"]

1. d4 d5 2. c4 c6 3. Nf3 Nf6 4. Qb3 e6 5. g3 c5 6. Bg2 Nc6 7. cxd5 Qxd5 8. Qxd5
Nxd5 9. dxc5 Bxc5 10. a3 f6 11. Nbd2 Kf7 12. O-O Rd8 13. Rd1 Bd7 14. Nc4 Be8
15. Bd2 Rac8 16. Rac1 Nb6 17. Ne3 Be7 18. Be1 Rxd1 19. Rxd1 Na4 20. b3 Nb6 21.
a4 Nb4 22. Nd4 N6d5 23. Bxb4 Nxe3 24. fxe3 Bxb4 25. Bxb7 Rc3 26. Kf2 Bc5 27.
Rd3 Rc1 28. Ba6 Rh1 29. Kg2 Re1 30. Bc4 Bd7 31. h4 Ke7 32. Kf2 Rh1 33. Nf3 Rc1
34. Nd2 a5 35. Ne4 Bb4 36. Bb5 Bc8 37. Nd2 Rh1 38. Nc4 Rh2+ 39. Kf1 e5 40. Bc6
Bh3+ 41. Kg1 Rxe2 42. Nb6 Bf5 43. e4 Bh3 44. Nd5+ Kf7 45. Nxb4 axb4 46. a5 Rg2+
47. Kh1 Ra2 48. Ba4 Bg2+ 49. Kg1 Bxe4 50. Rd7+ Ke6 51. Rd8 Kf5 52. a6 Kg4 53.
a7 Kxg3 54. Kf1 Bf3 55. Ke1 Re2+ 56. Kf1 Rh2 57. Ke1 Rh1+ 58. Kd2 Rd1+ 0-1

[Event "FIDE Open World Blitz 2021"]
[Site "Warsaw"]
[Date "2021.12.30"]
[Round "15.38"]
[White "Pichot, Alan"]
[Black "Kantor, Gergely"]
[Result "1-0"]
[WhiteElo "2630"]
[BlackElo "2566"]
[Annotator "ChessBase"]
[PlyCount "63"]
[EventDate "2021.12.29"]
[EventType "swiss"]
[EventCountry "POL"]
[Tiebreak "Cut1 Buchholz"]
[SourceTitle "playchess.com"]
[Source "ChessBase"]
[SourceQuality "1"]

1. e4 e5 2. Nf3 Nc6 3. Bb5 a6 4. Ba4 Nf6 5. d3 b5 6. Bb3 Bc5 7. c3 d6 8. Bg5 h6
9. Bh4 Be6 10. d4 Bxb3 11. axb3 exd4 12. cxd4 Bb4+ 13. Nbd2 O-O 14. O-O Bxd2
15. Qxd2 Nxe4 16. Qc2 Qe8 17. Rac1 Nb4 18. Qxc7 Nd5 19. Qa5 Nf4 20. Rce1 f5 21.
Bg3 Nd5 22. Bxd6 Qg6 23. Bxf8 Nf4 24. g3 Qh5 25. Ne5 Nh3+ 26. Kg2 Rxf8 27. Qxa6
Nhg5 28. h4 f4 29. Qg6 f3+ 30. Kh2 Qxg6 31. Nxg6 Rf5 32. Ne7+ 1-0

[Event "FIDE Open World Blitz 2021"]
[Site "Warsaw"]
[Date "2021.12.30"]
[Round "15.39"]
[White "Vakhidov, Jakhongir"]
[Black "Predke, Alexandr"]
[Result "0-1"]
[WhiteElo "2557"]
[BlackElo "2627"]
[Annotator "ChessBase"]
[PlyCount "72"]
[EventDate "2021.12.29"]
[EventType "swiss"]
[EventCountry "POL"]
[Tiebreak "Cut1 Buchholz"]
[SourceTitle "playchess.com"]
[Source "ChessBase"]
[SourceQuality "1"]

1. c4 e6 2. Nc3 d5 3. d4 Nf6 4. cxd5 exd5 5. Bg5 Bb4 6. e3 h6 7. Bh4 g5 8. Bg3
h5 9. Qa4+ Nc6 10. Bb5 Bd7 11. Bxc6 Bxc3+ 12. bxc3 Bxc6 13. Qc2 Ne4 14. f3 Nxg3
15. hxg3 Qe7 16. Kf2 O-O-O 17. Re1 h4 18. gxh4 gxh4 19. Nh3 Rdg8 20. Qf5+ Bd7
21. Qxd5 Bxh3 22. Rxh3 Rg5 23. Qe4 Qa3 24. Re2 Rhg8 25. Rh2 h3 26. g4 f5 27.
Qe6+ Kb8 28. Rxh3 fxg4 29. fxg4 a5 30. Rg3 Rh8 31. e4 Qc1 32. Qf6 Rh2+ 33. Rg2
Rxg2+ 34. Kxg2 Rxg4+ 35. Kh3 Rg8 36. Qf3 Qh6+ 0-1

[Event "FIDE Open World Blitz 2021"]
[Site "Warsaw"]
[Date "2021.12.30"]
[Round "15.40"]
[White "Donchenko, Alexander"]
[Black "Bluebaum, Matthias"]
[Result "1-0"]
[WhiteElo "2645"]
[BlackElo "2609"]
[Annotator "ChessBase"]
[PlyCount "69"]
[EventDate "2021.12.29"]
[EventType "swiss"]
[EventCountry "POL"]
[Tiebreak "Cut1 Buchholz"]
[SourceTitle "playchess.com"]
[Source "ChessBase"]
[SourceQuality "1"]

1. e4 e6 2. d4 d5 3. Nc3 Nf6 4. e5 Nfd7 5. f4 c5 6. Nf3 cxd4 7. Nxd4 Bc5 8. Be3
O-O 9. Qd2 a6 10. h4 b5 11. h5 Qc7 12. h6 g6 13. O-O-O Nb6 14. Qf2 b4 15. Nb1
Nc4 16. Bxc4 dxc4 17. Nd2 Bxd4 18. Bxd4 Bb7 19. Bc5 Rc8 20. Bxb4 Bd5 21. Qh4 f5
22. exf6 Qf7 23. Nf3 Bxf3 24. gxf3 Nc6 25. Bc3 Rd8 26. a3 Rd5 27. Qf2 Qd7 28.
Rhe1 Kf7 29. Qb6 Rd8 30. Rxd5 exd5 31. Bb4 Re8 32. Rxe8 Kxe8 33. Qxa6 d4 34.
Qxc4 Nd8 35. Qg8# 1-0

[Event "FIDE Open World Blitz 2021"]
[Site "Warsaw"]
[Date "2021.12.30"]
[Round "15.41"]
[White "Sjugirov, Sanan"]
[Black "Kadric, Denis"]
[Result "1-0"]
[WhiteElo "2589"]
[BlackElo "2566"]
[Annotator "ChessBase"]
[PlyCount "61"]
[EventDate "2021.12.29"]
[EventType "swiss"]
[EventCountry "POL"]
[Tiebreak "Cut1 Buchholz"]
[SourceTitle "playchess.com"]
[Source "ChessBase"]
[SourceQuality "1"]

1. e4 d6 2. d4 Nf6 3. Bd3 e5 4. c3 Nc6 5. Nf3 g6 6. h3 Bg7 7. O-O O-O 8. Re1 a5
9. Bc2 Nd7 10. Na3 Kh8 11. Nb5 b6 12. a4 Bb7 13. Be3 Re8 14. Ng5 Re7 15. Bb3
Kg8 16. Bxf7+ Rxf7 17. Qb3 Qe7 18. Nxc7 Rb8 19. Nd5 Qe8 20. Rad1 h6 21. Nc7 Qe7
22. Nxf7 Qxf7 23. Qxf7+ Kxf7 24. Nb5 exd4 25. cxd4 Ke7 26. Bf4 Ra8 27. Bxd6+
Kf7 28. e5 Nf8 29. d5 Nb4 30. e6+ Kg8 31. e7 1-0

[Event "FIDE Open World Blitz 2021"]
[Site "Warsaw"]
[Date "2021.12.30"]
[Round "15.42"]
[White "Saric, Ivan"]
[Black "Shevchenko, Kirill"]
[Result "1-0"]
[WhiteElo "2665"]
[BlackElo "2647"]
[Annotator "ChessBase"]
[PlyCount "69"]
[EventDate "2021.12.29"]
[EventType "swiss"]
[EventCountry "POL"]
[Tiebreak "Cut1 Buchholz"]
[SourceTitle "playchess.com"]
[Source "ChessBase"]
[SourceQuality "1"]

1. e4 c5 2. Nf3 d6 3. d4 cxd4 4. Nxd4 Nf6 5. Nc3 Nc6 6. Bg5 e6 7. Qd2 a6 8.
O-O-O Bd7 9. Kb1 Nxd4 10. Qxd4 Be7 11. f3 b5 12. Be3 h5 13. Qd2 Qc7 14. Ne2 O-O
15. h4 b4 16. Bg5 Rac8 17. Nf4 Bb5 18. Bxf6 Bxf6 19. Nxh5 Be7 20. Bd3 Qc5 21.
g4 a5 22. g5 Rfd8 23. Rhg1 Kf8 24. Nf4 g6 25. h5 Bxd3 26. cxd3 b3 27. axb3 a4
28. b4 Qd4 29. hxg6 a3 30. gxf7 Kxf7 31. g6+ Kg8 32. Nxe6 Qe5 33. Nxd8 axb2 34.
Qxb2 Rc3 35. d4 1-0

[Event "FIDE Open World Blitz 2021"]
[Site "Warsaw"]
[Date "2021.12.30"]
[Round "15.43"]
[White "Jobava, Baadur"]
[Black "Petrovskyi, Vadym"]
[Result "1-0"]
[WhiteElo "2582"]
[BlackElo "2377"]
[Annotator "ChessBase"]
[PlyCount "73"]
[EventDate "2021.12.29"]
[EventType "swiss"]
[EventCountry "POL"]
[Tiebreak "Cut1 Buchholz"]
[SourceTitle "playchess.com"]
[Source "ChessBase"]
[SourceQuality "1"]

1. e4 c5 2. Nf3 d6 3. Bb5+ Bd7 4. Bxd7+ Qxd7 5. O-O Nf6 6. Re1 Nc6 7. c3 e6 8.
d4 cxd4 9. cxd4 d5 10. e5 Ne4 11. Nbd2 Nxd2 12. Bxd2 Be7 13. Rc1 O-O 14. a3
Rfc8 15. Rc3 b5 16. Rd3 Rab8 17. h4 b4 18. a4 Na5 19. b3 Nc4 20. Bc1 Na3 21. h5
Qc7 22. h6 g6 23. Bg5 Bf8 24. Nh2 Qc2 25. Ng4 Qxd1 26. Rexd1 Rc3 27. Nf6+ Kh8
28. Nd7 Rbc8 29. Rxc3 bxc3 30. Nxf8 Rxf8 31. Be7 Rb8 32. Bxa3 Rxb3 33. Kf1 f6
34. exf6 Kg8 35. Bd6 g5 36. Rc1 Kf7 37. Be5 1-0

[Event "FIDE Open World Blitz 2021"]
[Site "Warsaw"]
[Date "2021.12.30"]
[Round "15.44"]
[White "Volokitin, Andrei"]
[Black "Anton Guijarro, David"]
[Result "0-1"]
[WhiteElo "2656"]
[BlackElo "2669"]
[Annotator "ChessBase"]
[PlyCount "66"]
[EventDate "2021.12.29"]
[EventType "swiss"]
[EventCountry "POL"]
[Tiebreak "Cut1 Buchholz"]
[SourceTitle "playchess.com"]
[Source "ChessBase"]
[SourceQuality "1"]

1. e4 c6 2. d4 d5 3. e5 Bf5 4. Nf3 e6 5. Be2 Nd7 6. O-O Ne7 7. c3 h6 8. Nbd2
Bh7 9. a4 a5 10. Re1 Ng6 11. Nf1 Be7 12. g3 O-O 13. Bd3 c5 14. h4 Re8 15. N1h2
cxd4 16. cxd4 Nb8 17. Ng4 Nc6 18. Nxh6+ gxh6 19. Bxh6 Nf8 20. Ng5 Bxd3 21. Qxd3
Qd7 22. Qf3 Bxg5 23. Bxg5 f5 24. exf6 Nxd4 25. Qg4 e5 26. Qd1 Qf5 27. Ra3 Rac8
28. Kg2 Rc2 29. Be3 Nfe6 30. Bxd4 Nxd4 31. Qxd4 exd4 32. Rxe8+ Kf7 33. Re7+
Kxf6 0-1

[Event "FIDE Open World Blitz 2021"]
[Site "Warsaw"]
[Date "2021.12.30"]
[Round "15.45"]
[White "Sargissian, Gabriel"]
[Black "Dvirnyy, Danyyil"]
[Result "1-0"]
[WhiteElo "2664"]
[BlackElo "2493"]
[Annotator "ChessBase"]
[PlyCount "119"]
[EventDate "2021.12.29"]
[EventType "swiss"]
[EventCountry "POL"]
[Tiebreak "Cut1 Buchholz"]
[SourceTitle "playchess.com"]
[Source "ChessBase"]
[SourceQuality "1"]

1. d4 e5 2. dxe5 Nc6 3. Nf3 d6 4. Bg5 Qd7 5. exd6 Bxd6 6. Nc3 Qf5 7. e4 Qg6 8.
Nb5 Bg4 9. Nxd6+ cxd6 10. Qd2 Qxe4+ 11. Be2 Bxf3 12. gxf3 Qe6 13. b3 Nge7 14.
O-O-O O-O 15. Rhe1 Ng6 16. Qxd6 Qh3 17. Qg3 Qf5 18. Bd3 Qa5 19. Kb1 Nb4 20. a4
Nxd3 21. cxd3 Qd5 22. Ka2 Rac8 23. Rc1 Qxd3 24. Be3 Rc2+ 25. Rxc2 Qxc2+ 26. Ka3
h6 27. Rc1 Qd3 28. Qc7 Qd5 29. Qc5 Qxf3 30. Qxa7 Ne5 31. Qd4 Nc6 32. Qd7 Ne5
33. Qd6 Re8 34. Rc7 Qh1 35. Rc1 Qe4 36. Rd1 Re6 37. Qd8+ Kh7 38. Qd5 Qc2 39.
Qd2 Qf5 40. Rc1 Ng6 41. Rc5 Qh3 42. Rc7 Qf3 43. Qc2 h5 44. Rc5 h4 45. Rf5 Qg4
46. Rxf7 Rc6 47. Qd3 Qe6 48. Qd7 Qe5 49. Qd4 Qxd4 50. Bxd4 Kh6 51. Be3+ Kh5 52.
Rxg7 Rc2 53. Rxb7 Kg4 54. a5 Ne5 55. a6 Rc6 56. Rb6 Rc7 57. Re6 Nc6 58. Bb6 Rc8
59. a7 Kf5 60. Rxc6 1-0

[Event "FIDE Open World Blitz 2021"]
[Site "Warsaw"]
[Date "2021.12.30"]
[Round "15.46"]
[White "Suleymanli, Aydin"]
[Black "Adly, Ahmed"]
[Result "0-1"]
[WhiteElo "2541"]
[BlackElo "2602"]
[Annotator "ChessBase"]
[PlyCount "84"]
[EventDate "2021.12.29"]
[EventType "swiss"]
[EventCountry "POL"]
[Tiebreak "Cut1 Buchholz"]
[SourceTitle "playchess.com"]
[Source "ChessBase"]
[SourceQuality "1"]

1. d4 Nf6 2. c4 e6 3. Nc3 Bb4 4. f3 c5 5. d5 O-O 6. e4 d6 7. Nge2 Re8 8. Nf4 b5
9. cxb5 e5 10. Nd3 Ba5 11. Be2 a6 12. bxa6 Bxa6 13. O-O c4 14. Nf2 Nbd7 15. g4
Bb6 16. Kg2 Bd4 17. Nh1 Nc5 18. Ng3 g6 19. h4 Nd3 20. h5 gxh5 21. Bg5 Nxg4 22.
Qd2 Nf4+ 23. Bxf4 exf4 24. fxg4 Bxc3 25. bxc3 fxg3 26. Rf5 Rxe4 27. Raf1 Rb8
28. Bf3 Re5 29. Rxe5 dxe5 30. gxh5 Qh4 31. Rh1 Qf4 32. Qxf4 exf4 33. Re1 Kf8
34. h6 Rb2+ 35. Kh3 Bc8+ 36. Kh4 f6 37. Rh1 Ke7 38. a4 Kd6 39. a5 Rf2 40. Be4
f5 41. a6 fxe4 42. a7 Ra2 0-1

[Event "FIDE Open World Blitz 2021"]
[Site "Warsaw"]
[Date "2021.12.30"]
[Round "15.47"]
[White "Tari, Aryan"]
[Black "Kovalev, Vladislav"]
[Result "0-1"]
[WhiteElo "2649"]
[BlackElo "2634"]
[Annotator "ChessBase"]
[PlyCount "136"]
[EventDate "2021.12.29"]
[EventType "swiss"]
[EventCountry "POL"]
[Tiebreak "Cut1 Buchholz"]
[SourceTitle "playchess.com"]
[Source "ChessBase"]
[SourceQuality "1"]

1. e4 e5 2. Nf3 Nc6 3. Bb5 a6 4. Ba4 d6 5. O-O Bd7 6. c3 Nf6 7. Re1 g6 8. d4
Bg7 9. h3 O-O 10. Bc2 Re8 11. Nbd2 b5 12. a3 a5 13. Nf1 a4 14. Bg5 Na5 15. N3d2
h6 16. Bh4 c5 17. dxc5 dxc5 18. Ne3 Be6 19. Qe2 Qb6 20. Rad1 Nh5 21. Qf3 Nf4
22. Bg3 Rad8 23. Bxf4 exf4 24. Qxf4 Qd6 25. Qh4 Qe7 26. Qg3 Nc6 27. Nf3 Rxd1
28. Rxd1 Rd8 29. Nd5 Qb7 30. Qf4 Kf8 31. Qe3 Qa7 32. Nf4 Rxd1+ 33. Bxd1 Bd7 34.
e5 Nd8 35. Qd3 Qc7 36. h4 c4 37. Qe3 Ne6 38. Bc2 Nxf4 39. Qxf4 Kg8 40. h5 g5
41. Qe4 Be6 42. Nd4 Qd7 43. Qa8+ Bf8 44. Qb8 Kg7 45. Qxb5 Qc8 46. Qxa4 Bc5 47.
Qc6 Qxc6 48. Nxc6 Bg4 49. Kf1 Bxh5 50. Na5 Kf8 51. Nxc4 Ke7 52. b4 Ba7 53. a4
Bg4 54. Be4 Be6 55. Ne3 Bb8 56. Nf5+ Bxf5 57. Bxf5 Bxe5 58. c4 Bc3 59. b5 Kd6
60. Ke2 Ba5 61. g4 Bb6 62. f3 f6 63. Kd3 Ke5 64. c5 Bxc5 65. a5 Bb4 66. Kc4
Bxa5 67. Kc5 h5 68. b6 h4 0-1

[Event "FIDE Open World Blitz 2021"]
[Site "Warsaw"]
[Date "2021.12.30"]
[Round "15.48"]
[White "Sychev, Klementy"]
[Black "Sankalp, Gupta"]
[Result "1-0"]
[WhiteElo "2615"]
[BlackElo "2323"]
[Annotator "ChessBase"]
[PlyCount "85"]
[EventDate "2021.12.29"]
[EventType "swiss"]
[EventCountry "POL"]
[Tiebreak "Cut1 Buchholz"]
[SourceTitle "playchess.com"]
[Source "ChessBase"]
[SourceQuality "1"]

1. d4 Nf6 2. c4 e6 3. Nc3 Bb4 4. Bf4 O-O 5. Qb3 a5 6. a3 Bxc3+ 7. Qxc3 b6 8. f3
d6 9. e4 Qe7 10. Ne2 a4 11. Bg5 e5 12. O-O-O Re8 13. h4 Nc6 14. d5 Na5 15. Kb1
Nb3 16. g4 Rb8 17. Ng3 Ba6 18. Nf5 Qf8 19. Qb4 Nd7 20. Qxa4 Ndc5 21. Qb4 f6 22.
Be3 Rb7 23. g5 Reb8 24. a4 fxg5 25. hxg5 Qe8 26. Be2 Ra7 27. Bxc5 bxc5 28. Qc3
Qxa4 29. Ne7+ Kf7 30. Nc6 Rab7 31. Nxb8 Rxb8 32. f4 Qa1+ 33. Kc2 Nd4+ 34. Rxd4
Qxh1 35. Rd1 Qxe4+ 36. Bd3 Qg2+ 37. Rd2 Qg1 38. fxe5 dxe5 39. Qxe5 Kg8 40. Rh2
Rf8 41. Bxh7+ Kh8 42. Bg6+ Kg8 43. Qe6+ 1-0

[Event "FIDE Open World Blitz 2021"]
[Site "Warsaw"]
[Date "2021.12.30"]
[Round "15.49"]
[White "Czarnota, Pawel"]
[Black "Gabuzyan, Hovhannes"]
[Result "1-0"]
[WhiteElo "2502"]
[BlackElo "2580"]
[Annotator "ChessBase"]
[PlyCount "79"]
[EventDate "2021.12.29"]
[EventType "swiss"]
[EventCountry "POL"]
[Tiebreak "Cut1 Buchholz"]
[SourceTitle "playchess.com"]
[Source "ChessBase"]
[SourceQuality "1"]

1. e4 c5 2. Nf3 d6 3. d4 cxd4 4. Nxd4 Nf6 5. Nc3 a6 6. Be2 e5 7. Nb3 Be7 8. Bg5
Be6 9. Bxf6 Bxf6 10. Qd3 Be7 11. O-O-O Nc6 12. Nd5 Rc8 13. Kb1 Bg5 14. c3 O-O
15. g3 f5 16. Bf3 Ne7 17. h4 Bxd5 18. hxg5 Bc6 19. Qc4+ d5 20. exd5 Bb5 21. Qh4
h6 22. gxh6 g6 23. d6 Nc6 24. a4 Qxh4 25. Rxh4 Nd4 26. Nxd4 Bxa4 27. Nc2 e4 28.
Be2 g5 29. Rh5 f4 30. Rxg5+ Kh8 31. d7 Rcd8 32. Rg7 e3 33. fxe3 f3 34. Bf1 f2
35. Rd2 Bb5 36. c4 Bc6 37. Nd4 Be4+ 38. Kc1 Rf6 39. Rg4 Rxd7 40. Rxe4 1-0

[Event "FIDE Open World Blitz 2021"]
[Site "Warsaw"]
[Date "2021.12.30"]
[Round "15.50"]
[White "Saraci, Nderim"]
[Black "Narayanan.S.L"]
[Result "1-0"]
[WhiteElo "2486"]
[BlackElo "2570"]
[Annotator "ChessBase"]
[PlyCount "81"]
[EventDate "2021.12.29"]
[EventType "swiss"]
[EventCountry "POL"]
[Tiebreak "Cut1 Buchholz"]
[SourceTitle "playchess.com"]
[Source "ChessBase"]
[SourceQuality "1"]

1. Nf3 Nf6 2. b3 d5 3. Bb2 c5 4. e3 g6 5. d4 cxd4 6. exd4 Bg7 7. Be2 O-O 8. O-O
Nc6 9. c4 b6 10. Nc3 Bb7 11. Ne5 dxc4 12. Nxc6 Bxc6 13. bxc4 e6 14. Qd2 Qd7 15.
Rfd1 Rad8 16. Qe3 Qb7 17. f3 Rd7 18. Rd2 Rfd8 19. Rad1 Qb8 20. d5 exd5 21. cxd5
Nxd5 22. Nxd5 Rxd5 23. Bxg7 Rxd2 24. Rxd2 Rxd2 25. Qxd2 Kxg7 26. Qc3+ f6 27.
Qxc6 Qe5 28. Qd7+ Kh6 29. Qd2+ g5 30. g3 b5 31. f4 Qc5+ 32. Kg2 b4 33. fxg5+
fxg5 34. Bd1 a5 35. Bb3 Qe5 36. h4 Kg6 37. Bc2+ Kh6 38. Qxg5+ Qxg5 39. hxg5+
Kxg5 40. Bxh7 a4 41. Bc2 1-0

[Event "FIDE Open World Blitz 2021"]
[Site "Warsaw"]
[Date "2021.12.30"]
[Round "15.51"]
[White "Sadhwani, Raunak"]
[Black "Klekowski, Maciej"]
[Result "1-0"]
[WhiteElo "2562"]
[BlackElo "2499"]
[Annotator "ChessBase"]
[PlyCount "95"]
[EventDate "2021.12.29"]
[EventType "swiss"]
[EventCountry "POL"]
[Tiebreak "Cut1 Buchholz"]
[SourceTitle "playchess.com"]
[Source "ChessBase"]
[SourceQuality "1"]

1. e4 c5 2. Nf3 e6 3. d4 cxd4 4. Nxd4 Nc6 5. Nc3 a6 6. Qd3 d6 7. Nxc6 bxc6 8.
Qg3 h5 9. Bg5 Qb6 10. Bc4 h4 11. Bxh4 Qxb2 12. Rb1 Qa3 13. Bb3 Qa5 14. Bg5 Nf6
15. Bd2 Qc7 16. O-O Bd7 17. h3 g6 18. Rfe1 Bg7 19. Rbd1 Nh5 20. Qf3 Rb8 21. Bg5
Be5 22. Ne2 f6 23. Bc1 c5 24. g4 Ng7 25. Nf4 Kf7 26. Nd3 c4 27. Bxc4 Bc3 28.
Bb3 Bxe1 29. Rxe1 Rb5 30. Bb2 Ne8 31. a4 Rxb3 32. cxb3 e5 33. Rc1 Qb7 34. Ba3
Be6 35. b4 f5 36. b5 axb5 37. a5 Nf6 38. Bxd6 fxe4 39. Nxe5+ Kg7 40. Qg3 Qd5
41. Rc7+ Kg8 42. Be7 Nxg4 43. Nxg4 Qd1+ 44. Kg2 e3 45. Nf6+ Kf7 46. Bd6+ Bd7
47. Rxd7+ Ke6 48. Qe5# 1-0

[Event "FIDE Open World Blitz 2021"]
[Site "Warsaw"]
[Date "2021.12.30"]
[Round "15.52"]
[White "Schneider, Ilja"]
[Black "Wojtaszek, Radoslaw"]
[Result "0-1"]
[WhiteElo "2486"]
[BlackElo "2700"]
[Annotator "ChessBase"]
[PlyCount "145"]
[EventDate "2021.12.29"]
[EventType "swiss"]
[EventCountry "POL"]
[Tiebreak "Cut1 Buchholz"]
[SourceTitle "playchess.com"]
[Source "ChessBase"]
[SourceQuality "1"]

1. d4 Nf6 2. Bg5 d5 3. e3 e6 4. Nf3 c5 5. c3 Nc6 6. Nbd2 h6 7. Bh4 Bd6 8. Bd3
O-O 9. O-O b6 10. Qe2 Bb7 11. Ba6 Bxa6 12. Qxa6 Qc8 13. Qxc8 Rfxc8 14. Rfd1 Bf8
15. Rac1 b5 16. Bxf6 gxf6 17. dxc5 Bxc5 18. e4 dxe4 19. Nxe4 Be7 20. Nd6 Rd8
21. Nxb5 Rxd1+ 22. Rxd1 Rb8 23. a4 a6 24. Nc7 Rxb2 25. Nxa6 Ra2 26. Nd4 Nxd4
27. cxd4 Rxa4 28. Nc5 Bxc5 29. dxc5 Rc4 30. g3 Rxc5 31. Kg2 Rc4 32. Rd7 Kg7 33.
Ra7 h5 34. Rb7 Kg6 35. Ra7 e5 36. Rb7 f5 37. Rb6+ f6 38. Rb8 f4 39. Rg8+ Kh7
40. Re8 Kg7 41. Ra8 fxg3 42. hxg3 h4 43. Rb8 Kg6 44. Rg8+ Kf5 45. Rh8 hxg3 46.
Kxg3 Rc3+ 47. Kg2 Kg5 48. Rg8+ Kf4 49. Rh8 f5 50. Rh4+ Kg5 51. Rh8 e4 52. Re8
Kf4 53. Re7 Rc2 54. Re8 Re2 55. Ra8 Kg4 56. Rg8+ Kf4 57. Ra8 Rc2 58. Ra3 Rd2
59. Rb3 Kg4 60. Rg3+ Kf4 61. Ra3 Rd3 62. Ra8 Rd6 63. Ra3 Rg6+ 64. Kf1 Rd6 65.
Kg2 Rd2 66. Rb3 Ke5 67. Rb5+ Rd5 68. Rb8 f4 69. Re8+ Kd4 70. f3 e3 71. Re4+ Kd3
72. Rxf4 Ra5 73. Rf8 0-1

[Event "FIDE Open World Blitz 2021"]
[Site "Warsaw"]
[Date "2021.12.30"]
[Round "16.1"]
[White "Grischuk, Alexander"]
[Black "Carlsen, Magnus"]
[Result "1-0"]
[WhiteElo "2773"]
[BlackElo "2855"]
[Annotator "TA"]
[PlyCount "116"]
[EventDate "2021.12.29"]
[EventType "swiss"]
[EventCountry "POL"]
[Tiebreak "Cut1 Buchholz"]
[SourceTitle "playchess.com"]
[Source "ChessBase"]
[SourceQuality "1"]

1. d4 Nf6 2. c4 e6 3. g3 d5 4. Bg2 dxc4 5. Nf3 Bb4+ 6. Bd2 a5 7. Qc1 b6 8. Bxb4
axb4 9. Qxc4 Bb7 10. O-O Nc6 11. Nbd2 O-O 12. Rfc1 Nd5 13. Qc2 h6 14. Nc4 Ra7
15. Nce5 Nde7 16. Nxc6 Bxc6 17. e3 Qa8 18. Ng5 hxg5 19. Bxc6 Nxc6 20. Qxc6 Qxc6
21. Rxc6 Rfa8 22. Rac1 Rxa2 23. Rxc7 Rxb2 24. Rc8+ Rxc8 25. Rxc8+ Kh7 26. Rb8
g4 27. Rxb6 b3 28. Kg2 f5 29. h3 Kg8 30. hxg4 fxg4 31. Rxe6 Rc2 32. Rb6 b2 33.
Rb7 Rd2 34. d5 Kf8 35. e4 Ke8 36. d6 Rxd6 37. Rxb2 Rd4 38. f3 Kf7 39. Re2 gxf3+
40. Kxf3 Kf6 41. Kf4 g5+ 42. Kg4 Kg6 43. Re3 Ra4 44. Kf3 Kf6 45. Rb3 Ra1 46.
Rb6+ Ke5 47. Rb5+ Kf6 48. Rf5+ Kg6 49. Kg4 Re1 50. Rxg5+ Kf6 51. Rf5+ Ke6 52.
Kf4 Rf1+ 53. Kg5 Re1 54. g4 Rxe4 55. Rf1 Ra4 56. Kh5 Ra8 57. g5 Rh8+ 58. Kg6
Kd5 1-0

[Event "FIDE Open World Blitz 2021"]
[Site "Warsaw"]
[Date "2021.12.30"]
[Round "16.1"]
[White "Paravyan, David"]
[Black "Parligras, Mircea-Emilian"]
[Result "1-0"]
[WhiteElo "2642"]
[BlackElo "2576"]
[Annotator "ChessBase"]
[PlyCount "119"]
[EventDate "2021.12.29"]
[EventType "swiss"]
[EventCountry "POL"]
[Tiebreak "Cut1 Buchholz"]
[SourceTitle "playchess.com"]
[Source "ChessBase"]
[SourceQuality "1"]

1. e4 e5 2. Nf3 Nc6 3. Nc3 Nf6 4. d4 exd4 5. Nxd4 Bb4 6. Nxc6 bxc6 7. Bd3 d5 8.
exd5 O-O 9. O-O cxd5 10. Bg5 c6 11. Qf3 h6 12. Bxf6 Qxf6 13. Qxf6 gxf6 14. Ne2
Bd6 15. Nd4 c5 16. Nf5 Bxf5 17. Bxf5 Be5 18. Rab1 Rab8 19. b3 c4 20. Rbd1 Rfd8
21. Bg4 a5 22. Bf3 d4 23. Be4 d3 24. bxc4 d2 25. g3 Rb2 26. f4 Bd4+ 27. Kg2 Bc5
28. a4 Ra2 29. Rf3 Rxa4 30. Bd5 Ra2 31. Rxd2 Re8 32. Kh3 a4 33. Bc6 Rc8 34. Bd7
Rd8 35. Rd5 Bf8 36. c5 Rxc2 37. c6 a3 38. Ra5 Rb8 39. Ra7 Rbb2 40. Kg4 a2 41.
Rf1 Bd6 42. Rd1 Bf8 43. c7 Rb1 44. Rxa2 h5+ 45. Kh3 Rxc7 46. Rxb1 Rxd7 47. Rb5
Kg7 48. Rxh5 Kg6 49. Rb5 Be7 50. Kg4 Rd3 51. Raa5 Rd2 52. h4 Re2 53. Rd5 Kg7
54. Rab5 Re3 55. Rb7 Kf8 56. Rb8+ Kg7 57. h5 Kh7 58. Rb7 Kg7 59. Rdd7 Kf8 60.
Rxe7 1-0

[Event "FIDE Open World Blitz 2021"]
[Site "Warsaw"]
[Date "2021.12.30"]
[Round "16.2"]
[White "Aronian, Levon"]
[Black "Giri, Anish"]
[Result "1-0"]
[WhiteElo "2782"]
[BlackElo "2774"]
[Annotator "TA"]
[PlyCount "89"]
[EventDate "2021.12.29"]
[EventType "swiss"]
[EventCountry "POL"]
[Tiebreak "Cut1 Buchholz"]
[SourceTitle "playchess.com"]
[Source "ChessBase"]
[SourceQuality "1"]

1. e4 e5 2. Nf3 Nc6 3. Bc4 Nf6 4. d3 Bc5 5. Nc3 h6 6. h3 a6 7. a4 d6 8. Be3
Bxe3 9. fxe3 Be6 10. b3 O-O 11. O-O Nb8 12. Bxe6 fxe6 13. d4 Nbd7 14. Qd3 Qe7
15. a5 Rac8 16. Qc4 Kh7 17. Rad1 exd4 18. exd4 e5 19. dxe5 Nxe5 20. Nxe5 Qxe5
21. Rf5 Qe7 22. Nd5 Nxd5 23. Qxd5 Rfe8 24. Rd4 c5 25. Rd2 Qxe4 26. Qxe4 Rxe4
27. Rf7 c4 28. Rxb7 cxb3 29. cxb3 Rc6 30. Rd3 Re5 31. Rg3 Rg5 32. Rxg5 hxg5 33.
Rb6 Rc3 34. Rxa6 Rxb3 35. Rxd6 Ra3 36. a6 g6 37. Kf2 Kh6 38. Ke2 Kh5 39. Kd2 g4
40. hxg4+ Kg5 41. Kc2 Ra2+ 42. Kb3 Ra1 43. Kb4 Rb1+ 44. Kc5 Ra1 45. Kb6 1-0

[Event "FIDE Open World Blitz 2021"]
[Site "Warsaw"]
[Date "2021.12.30"]
[Round "16.2"]
[White "Klekowski, Maciej"]
[Black "Tari, Aryan"]
[Result "1/2-1/2"]
[WhiteElo "2499"]
[BlackElo "2649"]
[Annotator "ChessBase"]
[PlyCount "139"]
[EventDate "2021.12.29"]
[EventType "swiss"]
[EventCountry "POL"]
[Tiebreak "Cut1 Buchholz"]
[SourceTitle "playchess.com"]
[Source "ChessBase"]
[SourceQuality "1"]

1. c4 e6 2. Nf3 d5 3. e3 Nf6 4. b3 Bd6 5. Bb2 O-O 6. Be2 b6 7. O-O Bb7 8. Nc3
a6 9. d4 Nbd7 10. a3 Re8 11. b4 dxc4 12. Bxc4 Qe7 13. Rc1 Rad8 14. Qe2 b5 15.
Bb3 e5 16. Rfd1 exd4 17. Rxd4 c5 18. bxc5 Nxc5 19. Ba2 Ne6 20. Bxe6 Qxe6 21.
Rcd1 Be7 22. e4 h6 23. Rxd8 Rxd8 24. Nd4 Qg4 25. f3 Qg5 26. Nf5 Bc5+ 27. Kh1
Re8 28. Bc1 Qg6 29. Qc2 Rc8 30. Be3 Bxe3 31. Ne7+ Kh7 32. Nxg6 fxg6 33. Qd3 Bf4
34. Nd5 Bxd5 35. exd5 Bd6 36. a4 Rb8 37. Rb1 h5 38. axb5 axb5 39. Rxb5 Re8 40.
Rb1 h4 41. Qd4 g5 42. Qb6 Bf4 43. Rd1 g4 44. Qb4 g5 45. d6 h3 46. d7 Re2 47.
Qe7+ Rxe7 48. d8=Q Re6 49. Rd7+ Kg6 50. Rd1 hxg2+ 51. Kxg2 Re2+ 52. Kf1 gxf3
53. Qd3+ Ne4 54. Qxf3 Rf2+ 55. Qxf2 Nxf2 56. Kxf2 Bxh2 57. Kf3 Bf4 58. Kg4 Kf6
59. Re1 Bd2 60. Rb1 Bf4 61. Rb5 Ke6 62. Kf3 Kd6 63. Ke4 Ke6 64. Rb6+ Ke7 65.
Kd5 Kf7 66. Ra6 Ke7 67. Ke4 Kd7 68. Rg6 Ke7 69. Kd5 Kf7 70. Ke4 1/2-1/2